Top 20 Countries with Biggest Coastline: Sudden Death - Statistics

General Stats
  • This quiz has been taken 34 times
  • The average score is 12 of 20
Answers on the Grid
Answers color-coded by a green-red scale on the quiz's grid according to % correct below.
Argentina
Australia
Brazil
Canada
Chile
China
Croatia
Denmark
F. S. Micronesia
France
Greece
Iceland
India
Indonesia
Italy
Japan
Madagascar
Malaysia
Mexico
New Zealand
Norway
Papua New Guinea
Philippines
Russia
Solomon Islands
Spain
The Bahamas
Turkiye
United Kingdom
United States
 
Answer Stats
Answer % Correct
Australia
95%
Canada
91%
Brazil
86%
Indonesia
82%
China
77%
Philippines
77%
Russia
77%
United States
77%
Chile
68%
Denmark
64%
India
59%
Mexico
59%
Norway
59%
United Kingdom
45%
Italy
41%
Japan
41%
Greece
36%
New Zealand
32%
Turkiye
23%
F. S. Micronesia
0%
No matching quizzes found
Score Distribution
Percent of People with Each Score
Percentile by Number Answered
Your Score History
You have not taken this quiz